Представление документа в формате MARC21

Поле Инд. ПП Название Значение
Тип записи a
Библиографический уровень m
001 Контрольный номер 391ca021b34c4507bbdc5942ba573da5
005 Дата корректировки 20240404113956.5
022 0_ a ISSN 0033-8230
097 a Костяева О.Г.
210 70 a Сокращенное заглавие Radiochim. Acta
245 10 a Заглавие Radiochimica Acta
260 b Издательство Oldenbourg Wissenschaftsverlag GmbH
a Место издания Germany
514 d Специфические данные журнала входит в Белый список; входит в Scopus; входит в WoS; входит в ядро РИНЦ; зарубежный журнал;ненулевой импакт-фактор
i Импакт-фактор scopus 0.33
z ретроспектива квартиля: Q3 Scopus 2019; Q2 WoS 2019; Q3 Scopus 2020; Q3 WoS 2020
f Квартиль У2 Белый список
650 04 a Основная рубрика химия
856 40 d Путь https://elibrary.ru/title_about.asp?id=22756
u URL https://www.degruyter.com/view/j/ract
901 t Тип документа u
952 c Вид литературы журнал